| 000 | 01005nam a22002655i 4500 | ||
|---|---|---|---|
| 001 | 166072 | ||
| 003 | ES-MaACL | ||
| 005 | 20250927105644.0 | ||
| 008 | 050920s1855 fr | |||||||| ||fre d | ||
| 040 |
_aCAM _bspa _cCAM |
||
| 100 | 1 |
_aTaschereau, J.M. _9133136 |
|
| 245 | 1 | 0 |
_aHistoire de la vie et des ouvrages de P. Corneille / _cpar M.J. Taschereau. |
| 260 |
_aParis : _bchez P. Jannet, _c1855 ( _fImp. Guiraudet et Jouaust) |
||
| 300 |
_aVIII, 440 p. ; _c16 cm. |
||
| 490 | 1 | _aBibliothèque Elzevirienne | |
| 594 | _aTit. en antep.: Oeuvres completes de P. Corneille: préliminaires. | ||
| 598 | _aMención de serie consta en el lomo. | ||
| 600 | 1 | 4 |
_aCorneille, Pierre- _xCrítica e interpretación. _940603 |
| 600 | 1 | 4 |
_aCorneille, Pierre- _vBiografías. _9188589 |
| 700 | 1 |
_aJannet, Pierre, _d1820-1870 _eed. _9128271 |
|
| 752 |
_aFrancia - _dParís |
||
| 830 | 0 |
_aBibliothèque Elzevirienne _9180979 |
|
| 852 |
_aES-MaACL _jG-2281 _z-- Enc. tela roja grabada |
||
| 999 |
_c166072 _d166072 |
||